[Event "Capricorne U1400"]
[Site "Chambly CAN"]
[Date "2026.01.07"]
[Round "1.12"]
[White "De Guise, Ronald"]
[Black "Zheng-Roy, Ethan"]
[Result "0-1"]
[WhiteElo "1323"]
[BlackElo "1120"]
[WhiteFideId "-1"]
[BlackFideId "-1"]
[PlyCount "90"]
[GameId "2276507570207052"]
[EventDate "2026.01.07"]
[EventType "swiss"]
[EventRounds "4"]
[EventCountry "CAN"]

1. e4 c5 2. c3 d5 3. Nf3 Nc6 4. exd5 Qxd5 5. Na3 a6 6. Nc4 Qd8 7. Nce5 Nxe5 8. Nxe5 Nf6 9. Bc4 e6 10. Qa4+ Bd7 11. Nxd7 Qxd7 12. Qc2 b5 13. Be2 Be7 14. O-O O-O 15. Bf3 Rac8 16. a4 Rfd8 17. axb5 axb5 18. Rd1 h6 19. b3 c4 20. b4 Qc7 21. Ra3 Bd6 22. g3 Bf8 23. d4 cxd3 24. Qa2 Qc4 25. Qd2 Ne4 26. Bxe4 Qxe4 27. Re1 Qc4 28. Qe3 Ra8 29. Rxa8 Rxa8 30. Bd2 Ra2 31. Rc1 Be7 32. Qe1 Bg5 33. f4 Bf6 34. Qe3 e5 35. Qe1 exf4 36. Bxf4 Re2 37. Qf1 d2 38. Bxd2 Rxd2 39. Qf3 Rd3 40. Qa8+ Kh7 41. Qe8 Rxc3 42. Rxc3 Bxc3 43. Qd7 Qd4+ 44. Qxd4 Bxd4+ 45. Kf1 Bc3 0-1

[Event "Capricorne U1400"]
[Site "Chambly CAN"]
[Date "2026.01.07"]
[Round "1.13"]
[White "Raymond, Pierre"]
[Black "Morasse, Daniel"]
[Result "0-1"]
[WhiteElo "1067"]
[BlackElo "1317"]
[WhiteFideId "-1"]
[BlackFideId "-1"]
[PlyCount "60"]
[GameId "2276507570207053"]
[EventDate "2026.01.07"]
[EventType "swiss"]
[EventRounds "4"]
[EventCountry "CAN"]

1. e4 e5 2. Nf3 d6 3. d4 exd4 4. Nxd4 Nf6 5. Nc3 Be7 6. Bd3 O-O 7. h3 Bd7 8. Nce2 Nc6 9. a3 Ne5 10. Bb5 c6 11. Bd3 c5 12. Bb5 cxd4 13. Bxd7 Qxd7 14. Nxd4 Nxe4 15. Qe2 Nf6 16. Bg5 Rfe8 17. O-O-O Rac8 18. f4 Nc6 19. Qd3 Nxd4 20. Qxd4 Qf5 21. Rd2 Ne4 22. g3 Qg6 23. Qd3 Bxg5 24. fxg5 Qxg5 25. Qd4 Nxd2 26. Qxd2 Qxd2+ 27. Kxd2 Re7 28. b4 Rce8 29. Rb1 Re2+ 30. Kc3 R8e3+ 0-1

[Event "Capricorne U1400"]
[Site "Chambly CAN"]
[Date "2026.01.07"]
[Round "1.14"]
[White "Tazi, Mohammed"]
[Black "St-Jacques, Martin"]
[Result "1-0"]
[WhiteElo "1275"]
[BlackElo "1033"]
[WhiteFideId "-1"]
[BlackFideId "-1"]
[PlyCount "79"]
[GameId "2276507570211150"]
[EventDate "2026.01.07"]
[EventType "swiss"]
[EventRounds "4"]
[EventCountry "CAN"]

1. d4 d5 2. c4 Nf6 3. Nc3 Nc6 4. e3 e5 5. cxd5 Nxd5 6. Bb5 a6 7. Ba4 Bd6 8. e4 exd4 9. Nxd5 O-O 10. Ne2 Be6 11. Bb3 Bc5 12. O-O Ne5 13. Kh1 c6 14. Ndf4 b6 15. Bxe6 d3 16. Nc3 Qf6 17. Bb3 Rfe8 18. Be3 Rad8 19. Bxc5 bxc5 20. Nh3 c4 21. Ba4 Rb8 22. b3 Rb4 23. f4 Ng6 24. e5 Qf5 25. Bxc6 Rd8 26. Be4 Qc8 27. Rc1 d2 28. Rc2 cxb3 29. Rxd2 Re8 30. a3 Rb8 31. Bxg6 fxg6 32. Ne4 b2 33. Qb1 Qc7 34. Rxb2 Rxb2 35. Qxb2 a5 36. Nd6 Rb8 37. Qa2+ Kf8 38. Ng5 Ke7 39. Qe6+ Kd8 40. Qe8# 1-0

[Event "Capricorne U1400"]
[Site "Chambly CAN"]
[Date "2026.01.07"]
[Round "1.15"]
[White "Drolet, Emilien"]
[Black "Joyal, Logan"]
[Result "0-1"]
[WhiteElo "1002"]
[BlackElo "1246"]
[WhiteFideId "-1"]
[BlackFideId "-1"]
[PlyCount "40"]
[GameId "2276507570211151"]
[EventDate "2026.01.07"]
[EventType "swiss"]
[EventRounds "4"]
[EventCountry "CAN"]

1. e4 e5 2. Nf3 Nc6 3. Bc4 Nf6 4. Nc3 Nxe4 5. Bxf7+ Kxf7 6. Nxe4 Be7 7. d3 h6 8. h4 d5 9. Ng3 Bg4 10. Ng5+ hxg5 11. Qxg4 Nd4 12. O-O Rxh4 13. Qd1 Qh8 14. Be3 Bd6 15. Bxd4 exd4 16. Qf3+ Ke8 17. Rae1+ Kd7 18. Qf7+ Kc6 19. Re6 Rh1+ 20. Nxh1 Qh2# 0-1

[Event "Capricorne U1400"]
[Site "Chambly CAN"]
[Date "2026.01.07"]
[Round "1.16"]
[White "Laplante, Germain"]
[Black "Roy, Nicholas"]
[Result "1-0"]
[WhiteElo "1207"]
[BlackElo "996"]
[WhiteFideId "-1"]
[BlackFideId "-1"]
[PlyCount "62"]
[GameId "2276507570211152"]
[EventDate "2026.01.07"]
[EventType "swiss"]
[EventRounds "4"]
[EventCountry "CAN"]

1. d4 d5 2. Bf4 Nf6 3. e3 c5 4. Nf3 e6 5. Ne5 Nc6 6. Bb5 Bd7 7. Nxd7 Qxd7 8. Nd2 cxd4 9. exd4 Bd6 10. Bxd6 Qxd6 11. O-O O-O 12. Nf3 Rfc8 13. Re1 a6 14. Bd3 b5 15. c3 Na5 16. Ne5 Nc4 17. Qc2 b4 18. Bxc4 dxc4 19. Re3 bxc3 20. Qxc3 Nd5 21. Nxc4 Qb4 22. Qxb4 Nxb4 23. Nb6 Nc2 24. Nxa8 Nxa1 25. Rc3 Rxa8 26. Rc1 Nb3 27. axb3 Kf8 28. b4 Ke7 29. Rc7+ Ke8 30. f4 Rd8 31. Rc4 Ke7 {Ici les Blancs ont joué le coup illégal 32.Re2. Les feuilles des deux joueurs concordent. Le coup illégal n'a pas été signalé et la partie s'est poursuivie jusqu'à la victoire des Blancs au 44e coup. Le résultat tient puisque le coup illégal n'a pas été signalé pendant la partie.} 1-0

[Event "Capricorne U1400"]
[Site "Chambly CAN"]
[Date "2026.01.07"]
[Round "1.17"]
[White "Costa, Esteban"]
[Black "Coutu, Olivier"]
[Result "0-1"]
[WhiteElo "981"]
[BlackElo "1171"]
[WhiteFideId "-1"]
[BlackFideId "-1"]
[PlyCount "54"]
[GameId "2276507570215249"]
[EventDate "2026.01.07"]
[EventType "swiss"]
[EventRounds "4"]
[EventCountry "CAN"]

1. e4 e5 2. Nf3 Nc6 3. Nc3 Bb4 4. Bc4 d6 5. a3 Bxc3 6. bxc3 Nf6 7. d3 O-O 8. d4 exd4 9. cxd4 Nxe4 10. Qd3 d5 11. Ba2 Bf5 12. Qb5 Qd6 13. Qxb7 Rab8 14. Qa6 Nc3 15. Bd2 Nxa2 16. Rxa2 Rb1+ 17. Ke2 Nxd4+ 18. Nxd4 Qxa6+ 19. Kf3 Rxh1 20. Nxf5 Re8 21. Rb2 Qe2+ 22. Kg3 Qe5+ 23. Kg4 h5+ 24. Kg5 g6 25. g4 gxf5 26. gxf5 Rg1+ 27. Kxh5 Qxh2# 0-1

[Event "Capricorne U1400"]
[Site "Chambly CAN"]
[Date "2026.01.07"]
[Round "1.18"]
[White "Barrette, Mathieu"]
[Black "Tse, Caitlin"]
[Result "1-0"]
[WhiteElo "1157"]
[BlackElo "948"]
[WhiteFideId "-1"]
[BlackFideId "-1"]
[PlyCount "109"]
[GameId "2276507570219346"]
[EventDate "2026.01.07"]
[EventType "swiss"]
[EventRounds "4"]
[EventCountry "CAN"]

1. d4 d5 2. c4 e6 3. Nc3 Be7 4. Nf3 b6 5. Bf4 Ba6 6. Nb5 Bb4+ 7. Nd2 Bd6 8. Nxd6+ cxd6 9. Qa4+ Qd7 10. Qxd7+ Kxd7 11. cxd5 exd5 12. e3 Nf6 13. Bxa6 Nxa6 14. a3 Ne4 15. Nxe4 dxe4 16. O-O d5 17. b4 Nc7 18. f3 f5 19. fxe4 fxe4 20. Bxc7 Kxc7 21. Rf7+ Kd6 22. Rxg7 a5 23. b5 Rac8 24. Rb7 Rc2 25. Rxb6+ Kd7 26. Rb7+ Kd6 27. Rg7 Rb8 28. Rb1 Re2 29. Rxh7 Rxe3 30. Rh6+ Ke7 31. Rh5 Rxa3 32. Rxd5 e3 33. Re1 Kf7 34. Re5 Re8 35. Rxe8 Kxe8 36. h4 Rb3 37. Kh2 a4 38. Kg3 a3 39. Re2 Kf7 40. b6 Rxb6 41. Rxe3 a2 42. Ra3 Rg6+ 43. Kf3 Rf6+ 44. Kg3 Rg6+ 45. Kh3 Rd6 46. Rxa2 Rxd4 47. Rf2+ Kg6 48. g4 Rd3+ 49. Kg2 Rd4 50. Kg3 Rd3+ 51. Rf3 Rd4 52. h5+ Kg5 53. Rf5+ Kh6 54. Rf6+ Kg5 55. Rg6# 1-0

[Event "Capricorne U1400"]
[Site "Chambly CAN"]
[Date "2026.01.07"]
[Round "1.19"]
[White "Maillette, Felix"]
[Black "Raymond, Frederic"]
[Result "0-1"]
[WhiteElo "930"]
[BlackElo "1156"]
[WhiteFideId "-1"]
[BlackFideId "-1"]
[PlyCount "36"]
[GameId "2276507570219347"]
[EventDate "2026.01.07"]
[EventType "swiss"]
[EventRounds "4"]
[EventCountry "CAN"]

1. Nf3 e6 2. e4 d5 3. e5 c5 4. Bb5+ Bd7 5. Bxd7+ Nxd7 6. O-O Qc7 7. d4 cxd4 8. Re1 Bc5 9. Bf4 Qb6 10. Nbd2 d3 11. Be3 Bxe3 12. Rxe3 dxc2 13. Qxc2 Qc6 14. Rc3 Qb6 15. Rc1 Ne7 16. Ng5 g6 17. h4 Nxe5 18. Qa4+ N7c6 {Les Blancs ont joué deux coups illégaux. Victoire des Noirs.} 0-1

[Event "Capricorne U1400"]
[Site "Chambly CAN"]
[Date "2026.01.07"]
[Round "1.20"]
[White "Rodriguez Ocon, Manuel"]
[Black "Capotorto, Michele"]
[Result "1-0"]
[WhiteElo "1155"]
[BlackElo "930"]
[WhiteFideId "-1"]
[BlackFideId "-1"]
[PlyCount "37"]
[GameId "2276507570223444"]
[EventDate "2026.01.07"]
[EventType "swiss"]
[EventRounds "4"]
[EventCountry "CAN"]

1. e4 e5 2. Nc3 Nc6 3. Bc4 Bc5 4. d3 Qf6 5. Nf3 Nge7 6. Bg5 Qg6 7. O-O h6 8. Bxe7 Nxe7 9. Nxe5 Qf6 10. Bxf7+ Kf8 11. Qh5 g6 12. Bxg6 Kg7 13. Be8 Rf8 14. Nd5 Bxf2+ 15. Kh1 Nxd5 16. Rxf2 Rxe8 17. Rxf6 Nxf6 18. Qg6+ Kh8 19. Nf7# 1-0

[Event "Capricorne U1400"]
[Site "Chambly CAN"]
[Date "2026.01.14"]
[Round "2.11"]
[White "Bonin, Francis"]
[Black "Laplante, Germain"]
[Result "1-0"]
[WhiteElo "1366"]
[BlackElo "1207"]
[WhiteFideId "-1"]
[BlackFideId "-1"]
[PlyCount "95"]
[GameId "2276507570235743"]
[EventDate "2026.01.07"]
[EventType "swiss"]
[EventRounds "4"]
[EventCountry "CAN"]

1. e4 c6 2. d4 d5 3. e5 Bf5 4. Bd3 Bg6 5. Nf3 e6 6. Be3 Bb4+ 7. c3 Ba5 8. b4 Bc7 9. O-O Ne7 10. Bxg6 Nxg6 11. Nbd2 Nh4 12. Bg5 Nxf3+ 13. Nxf3 f6 14. exf6 gxf6 15. Bh6 Rg8 16. Re1 Qd6 17. g3 Nd7 18. Qd2 O-O-O 19. Re2 e5 20. Kh1 e4 21. Bf4 Qe6 22. Bxc7 Kxc7 23. a4 Rde8 24. Qf4+ Kc8 25. b5 Qh3 26. Ng1 Qg4 27. bxc6 bxc6 28. Qd2 Nb6 29. h3 Nc4 30. hxg4 Nxd2 31. Rxd2 Rxg4 32. Kg2 Rd8 33. Re1 h5 34. Re3 h4 35. Nh3 f5 36. Kh2 hxg3+ 37. fxg3 Kd7 38. Rb2 Kc7 39. Rf2 Rf8 40. Nf4 Kd6 41. Rf1 Rh8+ 42. Kg2 Rb8 43. Ne2 Ke6 44. Rh1 Rbg8 45. Kf2 R4g7 46. Rh6+ Rg6 47. Rxg6+ Rxg6 48. Nf4+ 1-0

[Event "Capricorne U1400"]
[Site "Chambly CAN"]
[Date "2026.01.14"]
[Round "2.12"]
[White "Coutu, Olivier"]
[Black "Hebert, Sebastien"]
[Result "0-1"]
[WhiteElo "1171"]
[BlackElo "1329"]
[WhiteFideId "-1"]
[BlackFideId "-1"]
[PlyCount "70"]
[GameId "2276507570239840"]
[EventDate "2026.01.07"]
[EventType "swiss"]
[EventRounds "4"]
[EventCountry "CAN"]

1. e4 e5 2. Nf3 Nc6 3. d4 exd4 4. Nxd4 Qf6 5. Be3 Bc5 6. c3 Nge7 7. Bc4 Ne5 8. Qe2 O-O 9. Nd2 a6 10. O-O N7g6 11. b4 Ba7 12. N2f3 Nf4 13. Bxf4 Qxf4 14. Nxe5 Qxe5 15. f4 Bxd4+ 16. cxd4 Qxd4+ 17. Kh1 b5 18. Bb3 Qxb4 19. Rab1 Qe7 20. f5 Bb7 21. Bc2 f6 22. Qg4 c5 23. h4 Rae8 24. Rbe1 Qf7 25. a3 Qc4 26. Qd1 Qf7 27. Qd6 c4 28. Qc7 d5 29. Qxf7+ Kxf7 30. exd5 Rxe1 31. Rxe1 Rd8 32. Re6 Rxd5 33. Kh2 Rd2 34. Rb6 Bxg2 35. Kg1 Rxc2 0-1

[Event "Capricorne U1400"]
[Site "Chambly CAN"]
[Date "2026.01.14"]
[Round "2.13"]
[White "St-Laurent, Luc"]
[Black "Barrette, Mathieu"]
[Result "1-0"]
[WhiteElo "1328"]
[BlackElo "1157"]
[WhiteFideId "-1"]
[BlackFideId "-1"]
[PlyCount "71"]
[GameId "2276507570239841"]
[EventDate "2026.01.07"]
[EventType "swiss"]
[EventRounds "4"]
[EventCountry "CAN"]

1. d4 d5 2. Nf3 Bf5 3. g3 Nc6 4. Bg2 Nf6 5. O-O e6 6. c4 Be7 7. Nc3 O-O 8. cxd5 Nxd5 9. Bd2 Bf6 10. Nxd5 exd5 11. Bf4 Re8 12. Re1 Nb4 13. Rc1 Re7 14. a3 Nc6 15. Bg5 Re4 16. Bxf6 Qxf6 17. e3 Rd8 18. Nh4 Re6 19. Nxf5 Qxf5 20. Re2 h5 21. Qc2 Qxc2 22. Rexc2 a6 23. b4 Kf8 24. b5 axb5 25. Rc5 Red6 26. Rxb5 Ne7 27. Rxb7 R6d7 28. Rcxc7 Rxc7 29. Rxc7 Ra8 30. Rb7 Ke8 31. Rb3 Kf8 32. Bf1 Kg8 33. Bb5 Rb8 34. a4 Nc6 35. Rc3 Na5 36. Rc5 1-0

[Event "Capricorne U1400"]
[Site "Chambly CAN"]
[Date "2026.01.14"]
[Round "2.14"]
[White "Morasse, Daniel"]
[Black "Raymond, Frederic"]
[Result "1/2-1/2"]
[WhiteElo "1317"]
[BlackElo "1156"]
[WhiteFideId "-1"]
[BlackFideId "-1"]
[PlyCount "108"]
[GameId "2276507570243938"]
[EventDate "2026.01.07"]
[EventType "swiss"]
[EventRounds "4"]
[EventCountry "CAN"]

1. e4 e5 2. f4 Nc6 3. Nf3 d6 4. d3 b6 5. Be2 Bb7 6. Nc3 Nf6 7. fxe5 dxe5 8. O-O Bc5+ 9. Kh1 Ng4 10. Qe1 Be3 11. Nd2 Nf6 12. Nc4 Bd4 13. Bg5 h6 14. Bxf6 gxf6 15. Qh4 f5 16. Qh5 Qg5 17. Rxf5 Qxh5 18. Bxh5 O-O-O 19. Rxf7 Rdf8 20. Rxf8+ Rxf8 21. Ne2 Ba6 22. Nxd4 exd4 23. Nd2 Rf2 24. Rd1 Nb4 25. Kg1 Rf8 26. Nf3 Nxc2 27. Ne5 Ne3 28. Rc1 c5 29. b4 Rg8 30. g3 Rg5 31. bxc5 b5 32. Nc6 Rxh5 33. Nxd4 b4 34. Re1 Ng4 35. Nf3 Rxc5 36. d4 Rc2 37. e5 Bb7 38. Rf1 Bxf3 39. Rxf3 Rc1+ 40. Kg2 Rc2+ 41. Kh3 Nxh2 42. Rf8+ Kd7 43. Rf7+ Ke6 44. Rxa7 Nf3 45. Kg4 Nxd4 46. Ra4 Rc4 47. Kh5 Kxe5 48. Kxh6 Nf5+ 49. Kg6 Nxg3 50. a3 Ne4 51. axb4 Nd6 52. Ra5+ Kd4 53. b5 Rb4 54. Ra6 Nxb5 1/2-1/2

[Event "Capricorne U1400"]
[Site "Chambly CAN"]
[Date "2026.01.14"]
[Round "2.15"]
[White "Zheng-Roy, Ethan"]
[Black "Tazi, Mohammed"]
[Result "1-0"]
[WhiteElo "1120"]
[BlackElo "1275"]
[WhiteFideId "-1"]
[BlackFideId "-1"]
[PlyCount "89"]
[GameId "2276507570243939"]
[EventDate "2026.01.07"]
[EventType "swiss"]
[EventRounds "4"]
[EventCountry "CAN"]

1. e4 d6 2. d4 Nf6 3. Nc3 e6 4. Nf3 Be7 5. Bd3 c6 6. Be3 h6 7. Qd2 Ng4 8. Bf4 b5 9. a3 a5 10. h3 Nf6 11. O-O O-O 12. Rfe1 Nbd7 13. e5 dxe5 14. dxe5 Nh7 15. Bxh6 gxh6 16. Qxh6 f5 17. Qxe6+ Rf7 18. Qxc6 Rb8 19. e6 Rg7 20. exd7 Bxd7 21. Qd5+ Kh8 22. Ne5 Be8 23. Qxd8 Rxd8 24. Bxf5 Ng5 25. Rad1 Rxd1 26. Rxd1 b4 27. axb4 axb4 28. Nd5 Bd6 29. Ng4 Re7 30. Nxe7 Bxe7 31. Re1 Kg7 32. Rxe7+ Bf7 33. h4 Kf8 34. Rb7 Ne6 35. Bxe6 Bxe6 36. Rxb4 Kg7 37. h5 Bd5 38. Rd4 Be6 39. h6+ Kh7 40. b4 Bf5 41. b5 Bxc2 42. b6 Bf5 43. b7 Bxg4 44. Rxg4 Kxh6 45. b8=Q 1-0

[Event "Capricorne U1400"]
[Site "Chambly CAN"]
[Date "2026.01.14"]
[Round "2.16"]
[White "Joyal, Logan"]
[Black "Rodriguez Ocon, Manuel"]
[Result "1-0"]
[WhiteElo "1246"]
[BlackElo "1155"]
[WhiteFideId "-1"]
[BlackFideId "-1"]
[PlyCount "73"]
[GameId "2276507570243940"]
[EventDate "2026.01.07"]
[EventType "swiss"]
[EventRounds "4"]
[EventCountry "CAN"]

1. e4 c5 2. Nf3 e6 3. d4 cxd4 4. Nxd4 Nc6 5. c3 Nf6 6. Bd3 e5 7. Nxc6 bxc6 8. O-O Bc5 9. b4 Be7 10. Be3 d5 11. Qf3 dxe4 12. Bxe4 Nxe4 13. Qxe4 Qd5 14. Qxd5 cxd5 15. a4 O-O 16. b5 Bd7 17. Rd1 Be6 18. Nd2 Rfd8 19. Nf3 e4 20. Nd4 Bg4 21. Rd2 Rac8 22. Nc6 Rd7 23. Rxd5 Rdc7 24. Nxa7 Rd8 25. Rxd8+ Bxd8 26. Nc6 Bf6 27. Rb1 Bxc3 28. b6 Rxc6 29. b7 Be5 30. g3 Bb8 31. h3 Bxh3 32. Rd1 Rd6 33. Rc1 Rd8 34. a5 f6 35. a6 Bg4 36. a7 Kf7 37. a8=Q 1-0

[Event "Capricorne U1400"]
[Site "Chambly CAN"]
[Date "2026.01.14"]
[Round "2.17"]
[White "Doyon, Martin"]
[Black "De Guise, Ronald"]
[Result "1-0"]
[WhiteElo "1309"]
[BlackElo "1323"]
[WhiteFideId "-1"]
[BlackFideId "-1"]
[PlyCount "113"]
[GameId "2276507570252133"]
[EventDate "2026.01.07"]
[EventType "swiss"]
[EventRounds "4"]
[EventCountry "CAN"]

1. e4 e5 2. Nf3 d6 3. d4 Be7 4. dxe5 Bg4 5. Be2 Nc6 6. exd6 Bxd6 7. Nc3 Nge7 8. O-O a6 9. a3 O-O 10. Bg5 Qe8 11. Bxe7 Bxe7 12. Nd5 Bd6 13. Qd3 Bxf3 14. Qxf3 Qe5 15. g3 Nd4 16. Qd3 Nxe2+ 17. Qxe2 f5 18. Qc4 Kh8 19. f4 Qxe4 20. Qxe4 fxe4 21. Rae1 Rae8 22. Nc3 e3 23. Re2 c6 24. Rfe1 Bc5 25. Nd1 Rf7 26. Nxe3 Rfe7 27. Kf2 h6 28. Kf3 g6 29. Nc4 Rxe2 30. Rxe2 Rxe2 31. Kxe2 Kg7 32. Kf3 Kf6 33. g4 g5 34. Ne5 Bg1 35. h3 Bh2 36. fxg5+ hxg5 37. Nd7+ Ke7 38. Nc5 Be5 39. b3 Bd6 40. Nxb7 Bxa3 41. Na5 Kd7 42. Nc4 Bc5 43. Ke4 Ke6 44. Ne5 Bb6 45. Nxc6 a5 46. Nd4+ Kf6 47. Nf3 Bd8 48. h4 gxh4 49. Nxh4 Ke6 50. Nf3 Kf6 51. g5+ Kg6 52. c4 Bxg5 53. Nxg5 Kxg5 54. Ke5 Kg6 55. Ke6 Kg7 56. Ke7 Kg6 57. c5 1-0

[Event "Capricorne U1400"]
[Site "Chambly CAN"]
[Date "2026.01.14"]
[Round "2.18"]
[White "Tse, Caitlin"]
[Black "Savard, Alain"]
[Result "1-0"]
[WhiteElo "948"]
[BlackElo "1155"]
[WhiteFideId "-1"]
[BlackFideId "-1"]
[PlyCount "67"]
[GameId "2276507570252134"]
[EventDate "2026.01.07"]
[EventType "swiss"]
[EventRounds "4"]
[EventCountry "CAN"]

1. e4 e6 2. d4 d5 3. e5 c5 4. c3 Nc6 5. Nf3 Qb6 6. a3 Bd7 7. Be2 Nh6 8. O-O Nf5 9. dxc5 Bxc5 10. b4 Be7 11. Bd3 Nh4 12. Nxh4 Bxh4 13. Qg4 Nxe5 14. Qxg7 Rf8 15. Qxe5 Bb5 16. Bxb5+ Qxb5 17. Bf4 Rc8 18. Nd2 Qd3 19. Rac1 Ke7 20. Nf3 Bf6 21. Bg5 Bxg5 22. Qxg5+ Ke8 23. Qe5 Ke7 24. Rfd1 Qa6 25. Rxd5 Qxa3 26. Qd6+ Kf6 27. Re1 Qxc3 28. Qf4+ Ke7 29. Qg5+ Ke8 30. Rde5 Qxb4 31. R5e4 Qa3 32. R1e3 Rc1+ 33. Ne1 Rc6 34. Rxa3 1-0

[Event "Capricorne U1400"]
[Site "Chambly CAN"]
[Date "2026.01.14"]
[Round "2.19"]
[White "Tarte, Ariste"]
[Black "Costa, Esteban"]
[Result "1-0"]
[WhiteElo "1130"]
[BlackElo "981"]
[WhiteFideId "-1"]
[BlackFideId "-1"]
[PlyCount "99"]
[GameId "2276507570252135"]
[EventDate "2026.01.07"]
[EventType "swiss"]
[EventRounds "4"]
[EventCountry "CAN"]

1. d4 d6 2. Bf4 Nc6 3. e3 e5 4. Bg3 exd4 5. exd4 Qe7+ 6. Be2 d5 7. Nc3 Qb4 8. Bb5 Qxb2 9. Nxd5 Kd7 10. Bxc6+ bxc6 11. Nxc7 Rb8 12. Nf3 Qb4+ 13. Qd2 Bd6 14. Bxd6 Qxd2+ 15. Nxd2 Kxd6 16. Ne8+ Kd5 17. Nb3 Rb7 18. Nxg7 Re7+ 19. Kd2 Nf6 20. Rae1 Rxe1 21. Rxe1 Rg8 22. Re5+ Kd6 23. Nf5+ Bxf5 24. Rxf5 Ke6 25. Ra5 Rxg2 26. Ke2 Ng4 27. Kf3 Rxf2+ 28. Kxg4 Rxh2 29. c3 Rg2+ 30. Kf3 Rg6 31. Rxa7 h5 32. Nc5+ Kf6 33. Ra6 Kf5 34. a4 h4 35. Nd3 h3 36. Ra5+ Ke6 37. Nf4+ Kf6 38. Nxg6 fxg6 39. Kg3 g5 40. Kxh3 Kg6 41. Rc5 Kh5 42. a5 Kg6 43. a6 Kh5 44. a7 Kg6 45. Rxc6+ Kh5 46. Kg2 Kh4 47. a8=Q g4 48. Qh8+ Kg5 49. Qe5+ Kh4 50. Rh6# 1-0

[Event "Capricorne U1400"]
[Site "Chambly CAN"]
[Date "2026.01.14"]
[Round "2.20"]
[White "Capotorto, Michele"]
[Black "Raymond, Pierre"]
[Result "0-1"]
[WhiteElo "930"]
[BlackElo "1067"]
[WhiteFideId "-1"]
[BlackFideId "-1"]
[PlyCount "64"]
[GameId "2276507570252136"]
[EventDate "2026.01.07"]
[EventType "swiss"]
[EventRounds "4"]
[EventCountry "CAN"]

1. e4 c5 2. Nf3 Nc6 3. Bb5 e6 4. Bxc6 bxc6 5. O-O g6 6. c3 Bg7 7. d4 d5 8. Re1 Ne7 9. dxc5 O-O 10. Qd3 Bb7 11. Nbd2 a5 12. a4 Qc7 13. g3 Rad8 14. b3 dxe4 15. Qxe4 Bxc3 16. Bb2 Bxb2 17. Rab1 Ba3 18. Qh4 Nf5 19. Qf6 Qe7 20. Qc3 Bxc5 21. Rbd1 Bb4 22. Qb2 c5 23. Qe5 Bxf3 24. Nxf3 Bxe1 25. Rxe1 Rd3 26. Kg2 Qb7 27. Qf4 Qxb3 28. g4 Rxf3 29. Qxf3 Nh4+ 30. Kg3 Nxf3 31. Re3 Qb8+ 32. Kh3 Qxh2# 0-1

[Event "Capricorne U1400"]
[Site "Chambly CAN"]
[Date "2026.01.14"]
[Round "2.21"]
[White "Roy, Nicholas"]
[Black "Maillette, Felix"]
[Result "1-0"]
[WhiteElo "996"]
[BlackElo "930"]
[WhiteFideId "-1"]
[BlackFideId "-1"]
[PlyCount "109"]
[GameId "2276507570252137"]
[EventDate "2026.01.07"]
[EventType "swiss"]
[EventRounds "4"]
[EventCountry "CAN"]

1. e4 Nc6 2. Nf3 e5 3. Bc4 Nf6 4. d3 Bc5 5. c3 O-O 6. O-O Re8 7. Re1 d5 8. exd5 Nxd5 9. b4 Bd6 10. Bxd5 Bg4 11. Bxf7+ Kxf7 12. Ng5+ Qxg5 13. Bxg5 Bxd1 14. Rxd1 h6 15. Be3 Rad8 16. Nd2 b5 17. Ne4 g5 18. a4 a6 19. axb5 axb5 20. Ra6 Nb8 21. Ra7 Rd7 22. Nxd6+ cxd6 23. Rxd7+ Nxd7 24. c4 bxc4 25. dxc4 Rb8 26. Rxd6 Ke7 27. Rxh6 Rxb4 28. Bxg5+ Kf7 29. g3 Rxc4 30. h4 e4 31. Ra6 Nc5 32. Rf6+ Ke7 33. h5 Ra4 34. h6 Ne6 35. Rg6+ Nxg5 36. Rxg5 Kf6 37. Rg8 Ra7 38. Rg4 Rh7 39. Rxe4 Rxh6 40. Kg2 Kg5 41. Rh4 Rf6 42. Rf4 Rxf4 43. gxf4+ Kxf4 44. f3 Kf5 45. Kg3 Ke5 46. Kg4 Kf6 47. Kf4 Ke6 48. Kg5 Ke5 49. f4+ Ke6 50. Kg6 Ke7 51. f5 Kf8 52. Kf6 Kg8 53. Ke7 Kg7 54. f6+ Kg8 55. f7+ 1-0

[Event "Capricorne U1400"]
[Site "Chambly CAN"]
[Date "2026.01.21"]
[Round "3.13"]
[White "St-Laurent, Luc"]
[Black "Bonin, Francis"]
[Result "1/2-1/2"]
[WhiteElo "1328"]
[BlackElo "1366"]
[WhiteFideId "-1"]
[BlackFideId "-1"]
[PlyCount "87"]
[GameId "2276507570260340"]
[EventDate "2026.01.07"]
[EventType "swiss"]
[EventRounds "4"]
[EventCountry "CAN"]

1. d4 d5 2. Nf3 Nf6 3. g3 Bf5 4. Bg2 e6 5. c4 Be7 6. Nc3 c6 7. Qb3 Qb6 8. c5 Qxb3 9. axb3 Nbd7 10. Bd2 O-O 11. b4 Ne4 12. O-O f6 13. h3 h5 14. Bc1 e5 15. e3 Ng5 16. Nxg5 fxg5 17. dxe5 Nxe5 18. e4 dxe4 19. Nxe4 g4 20. h4 Nf3+ 21. Bxf3 gxf3 22. Re1 Bxe4 23. Rxe4 Rae8 24. Bf4 Bf6 25. Rxe8 Rxe8 26. Rxa7 Re1+ 27. Kh2 Bd4 28. Ra3 Bxf2 29. Rxf3 Re2 30. Kh3 Bd4 31. b3 Bg1 32. g4 hxg4+ 33. Kxg4 Bd4 34. Rd3 Bf6 35. Kh5 Re7 36. Kg6 Re6 37. Kf5 Re8 38. h5 Kf7 39. Rd7+ Re7 40. Rxe7+ Kxe7 41. Bd6+ Kf7 42. Be5 Bh4 43. Bc3 Bf2 44. Bd2 1/2-1/2

[Event "Capricorne U1400"]
[Site "Chambly CAN"]
[Date "2026.01.21"]
[Round "3.14"]
[White "Hebert, Sebastien"]
[Black "Joyal, Logan"]
[Result "1-0"]
[WhiteElo "1329"]
[BlackElo "1246"]
[WhiteFideId "-1"]
[BlackFideId "-1"]
[PlyCount "45"]
[GameId "2276507570260341"]
[EventDate "2026.01.07"]
[EventType "swiss"]
[EventRounds "4"]
[EventCountry "CAN"]

1. e4 e5 2. Nf3 Nc6 3. Bc4 Nf6 4. d3 Bc5 5. a3 d5 6. exd5 Nxd5 7. O-O O-O 8. h3 h6 9. c3 Nb6 10. Ba2 Qf6 11. Nbd2 Qg6 12. Nh4 Qxd3 13. Bb1 Qg3 14. Nf5 Bxf5 15. Bxf5 Rad8 16. Qe2 Qf4 17. Bc2 Bd6 18. Ne4 Qh4 19. Ng3 Nd5 20. Nf5 Nf4 21. Qe4 Qg5 22. Ne7+ Bxe7 23. Qh7# 1-0

[Event "Capricorne U1400"]
[Site "Chambly CAN"]
[Date "2026.01.21"]
[Round "3.15"]
[White "Morasse, Daniel"]
[Black "Zheng-Roy, Ethan"]
[Result "1-0"]
[WhiteElo "1317"]
[BlackElo "1120"]
[WhiteFideId "-1"]
[BlackFideId "-1"]
[PlyCount "125"]
[GameId "2276507570260342"]
[EventDate "2026.01.07"]
[EventType "swiss"]
[EventRounds "4"]
[EventCountry "CAN"]

1. e4 c5 2. c3 d5 3. e5 Nc6 4. d4 Bf5 5. Nf3 e6 6. Be2 Nge7 7. O-O h6 8. dxc5 Ng6 9. b4 Ngxe5 10. Nxe5 Nxe5 11. Bb5+ Nc6 12. Qa4 Qc7 13. Nd2 Be7 14. Nf3 O-O 15. Bxc6 Qxc6 16. Qd1 Qc7 17. Nd4 Bg6 18. Qg4 h5 19. Qh3 a6 20. Be3 Rac8 21. Rae1 Rfd8 22. Bd2 Bf6 23. f4 Qd7 24. Qg3 Qa4 25. Nxe6 Re8 26. f5 Bxf5 27. Rxf5 Rxe6 28. Rxe6 fxe6 29. Rxf6 Qxa2 30. Rf2 Qb1+ 31. Rf1 Qc2 32. Bh6 Qh7 33. Bf4 Qf5 34. Bd6 Qh7 35. Qf3 Qg6 36. h3 Qe8 37. Qf4 Qg6 38. Qh4 Re8 39. Qf4 Rc8 40. Be7 Kh8 41. Qd6 Kh7 42. Qd7 Rh8 43. Qxb7 Qe4 44. Bg5 Qe5 45. Bf4 Qxc3 46. c6 Qd4+ 47. Kh1 Qc4 48. Rf3 d4 49. Be5 Qc1+ 50. Kh2 Qg5 51. Bxd4 e5 52. Rg3 Qf5 53. Bc3 Rg8 54. c7 Qf4 55. Qf3 Qh6 56. Qf5+ Kh8 57. Bxe5 h4 58. Rg4 Qh7 59. Qe6 Qh5 60. c8=Q Rxc8 61. Qxc8+ Kh7 62. Rxg7+ Kh6 63. Qh8# 1-0